| 000 | 01225nam a2200241 4500 | ||
|---|---|---|---|
| 003 | SEM | ||
| 005 | 20241205171850.0 | ||
| 008 | 241004s1989 ru ||||gr||||||01|||ger|d | ||
| 020 | _a5-200-00683-X | ||
| 040 |
_aSEM _cSEM |
||
| 041 |
_agerm _arus |
||
| 080 | _a803.0-3=82/L-79 | ||
| 100 |
_aLipschiz O. D. _q(Липшиц Ольга Давыдовна ) |
||
| 245 |
_aDeutsch-Russisches taschen-Wörterbuch. _b9000 Stichwörter / _cO. D. Lipschiz |
||
| 246 |
_aКарманный немецко-русский словарь. _b9000 слов. / |
||
| 250 |
_a22 unveranderte, _bauflage |
||
| 260 |
_aMoskau-Leipzig : _b«Russki jasyk», _c1989. |
||
| 300 |
_a319 p. ; _c13 sm |
||
| 500 | _aСловарь содержит 9 тыс. наиболее употребительных слов, необходимых в быту, во время путешествий, при посещении культурных, научных учреждений, общественных организаций. Предназначается для туристов, а также для лиц, изучающих немецкий язык. | ||
| 650 | _aDeutsch-Russisches Wörterbuch | ||
| 653 | _aՍԷՄ | ||
| 942 |
_2udc _cBK |
||
| 999 |
_c75286 _d75286 |
||